000 00420nam a22001457a 4500
020 _qPB.
040 _cFizza Ishaq
082 _a973
_bSID
100 _aFine, Sidney.
_9133469
245 _aRecent America: Conflicting Interpretations of the Great Issues /
_cSidney Fine.
250 _a2nd Ed.
260 _aNew York :
_bThe Macmillan Company,
_c1978.
300 _a448 p. ;
_c6" x 9.25" x .9 Inches
942 _2ddc
_cBK
999 _c616427
_d616427